000 00292nam a22001337a 4500
008 170621b xxu||||| |||| 00| 0 eng d
020 _a9781846031083
041 _aeng
080 _a93
100 _a20
101 _aSHH
245 _aSHADOWS IN THE DESSERT
_cFARROKH,, K
942 _2udc
_cBK
999 _c18498
_d18498